000 00195 a2200097 4500
020 _a9780871569271
041 _aspa
100 _akeister,Douglas
245 _aEl R egalo de Fernando
942 _cBK
999 _c31838
_d31836